| 000 | 00361nam a22001217a 4500 | ||
|---|---|---|---|
| 020 | _a9787509015308 | ||
| 082 | _a339.46 | ||
| 245 | _aPoverty Alleviation: experience and insights of the communist party of China | ||
| 260 |
_aBeijing _bThe Contemporary World Press _c2020 |
||
| 300 | _a271p | ||
| 942 |
_2ddc _cBK |
||
| 999 |
_c586524 _d586524 |
||